FNAF Lore - Statistics

General Stats
  • This quiz has been taken 239 times
  • The average score is 11 of 15
Answer Stats
Question Answer % Correct
Who 'possesses' Springtrap? William Afton.
93%
Name of the person who possesses Chica? Susie.
92%
Who is the Crying Child? Bite of 83 victim
85%
What animatronic tries to catch The Puppet? Lefty
83%
What makes it so the kids spirits possess the animatronics? Remnant
83%
Who supposedly did the Bite of 87? Toy Chica or Mangle
77%
Where do the games take place? Hurricane, Utah
74%
In what year does the Five Nights At Freddy's 2 take place? 1987
71%
Who is The One You Should Have Not Killed? Cassidy or Andrew
71%
Name of the person who did the MCI? William Afton
70%
Is the Bunny Mask bully (FNAF 4) Cassidy's dad? It's just a theory.... a GAME THEORY
68%
What is the theory that Gregory is a robot called? GregBot
57%
Who is Dave Miller really? William Afton
57%
What spirit possesses Fredbear\Golden Freddy? All of the above (GoldenBoth theory)
53%
Is Golden Freddy actually Withered Fredbear? GAME THEORY... AGAIN!
39%
No matching quizzes found
Score Distribution
Percent of People with Each Score
Percentile by Number Answered
Your Score History
You have not taken this quiz